[Event "Høstturneringen 2017"]
[Site "Ås, Akershus NOR"]
[Date "2017.11.09"]
[Round "8"]
[White "Kielland-Lund, Jon"]
[Black "Moberg, Jan Rune"]
[Result "0-1"]
[WhiteElo "1502"]
[BlackElo "1520"]
[Annotator "Lea, Per"]
[PlyCount "116"]
[EventDate "2017.08.31"]

1. c4 d6 2. d4 c6 {En original stilling, men det er spilt tidligere også. Om
noen har et annet navn enn dronningbondespill på åpningen, så gi beskjed!} 3.
e4 Nf6 4. Nc3 Nbd7 5. Nf3 e5 {Via diverse trekkomkastninger er partiet kommet
inn i litt mer kjente baner.} 6. Be2 Be7 7. d5 ({Det vanligste er} 7. O-O O-O {
og så enten} 8. Re1 ({eller} 8. Qc2)) 7... c5 8. O-O h6 (8... O-O {virker mer
naturlig, men teksttrekket er ingen TN (teoretisk nyhet)}) 9. a3 O-O 10. b4 b6
11. Bd2 {Ikke så lett å finnen plan i en så lukket stilling!} Re8 12. Qc2 Bf8
13. b5 g5 14. Nxg5 {Et dristig offer som neppe er korrekt} ({Stockfish
anbefaler} 14. g3 Bg7 15. h4 g4 16. Ne1) 14... hxg5 15. Bxg5 Bg7 {Nå spørs det
om ikke hvit har fått kompensasjon for offeret} (15... Be7 {beholder en liten
svart fordel}) 16. f4 exf4 17. Rxf4 Re5 18. Bh4 Qe8 19. Raf1 Kh7 $2 {Gir hvit
en liten fordel} (19... Nh7 20. Rxf7 Ng5 21. R7f5 Rxf5 22. Rxf5 Nf7 23. Bh5
Nde5 24. Rf4 Bh6 25. Rf6 Bg7 26. Rf2 Bg4 27. Bxf7+ Nxf7 28. Ne2 {og selv om
hvit har 3 bønder for løperen, er fordelen på svarts side her}) 20. Bxf6 Bxf6
21. Rxf6 Nxf6 22. Rxf6 Qe7 23. Rf2 Bd7 24. Qd2 {Hvits springer og to bønder
bør akkurat oppveie det ene svarte tårnet, så stillingen er i balanse} Rh8 25.
Qf4 Kg7 26. a4 Rh4 27. Qg3+ Qg5 28. Qxg5+ Rxg5 29. g3 Rh8 30. Kg2 Bh3+ 31. Kg1
Re8 32. Bf1 Bxf1 33. Kxf1 f5 34. Rf4 Re5 35. Kg2 Rg4 $2 36. Rxg4+ $2 ({Hvit
griper ikke sjansen:} 36. Kf3 $1 Kf6 37. h3 Rg8 38. h4 Rg4 39. h5 Rg5 40. exf5
Rxh5 41. Ne4+ Ke7 42. f6+ Kf8 43. Nxd6 {Og hvit vinner}) 36... fxg4 37. h3
gxh3+ 38. Kxh3 Rh5+ 39. Kg2 Kf6 40. Kf3 Rh1 41. Ke3 Ke5 42. Kd3 Rf1 43. Ke3 Rg1
44. Ne2 Rf1 45. Nc3 Re1+ 46. Kd3 Rf1 47. Ke3 Rf8 48. Ne2 Ra8 {Det er vel ikke
der et aktivt tårn skal plasseres? I følge Stockfish skal hvit greie remis her}
49. Nc3 {Nesten det eneste springertrekket som kaster bort remisen. Å gå til
c1, g1 eller f4 skal være remis, men det er ikke akkurat så lett å se ved
brettet.} a6 (49... Rg8 {vinner etter samme ide som 4 trekk seinere}) 50. bxa6
Rxa6 51. Kd3 Ra7 52. Ke3 Rg7 53. Ne2 Rg4 54. Kd3 Rxe4 55. Nf4 Rxf4 {
Standardmetoden i sluttspill med kvalitet over: ofre tilbake offiseren og gå
inn i et vunnet bondesluttspill!} 56. gxf4+ Kxf4 57. Kc2 Ke3 58. a5 bxa5 0-1

[Event "Høstturneringen 2017"]
[Site "Ås, Akershus NOR"]
[Date "2017.11.09"]
[Round "8"]
[White "Heien, Aksel"]
[Black "Samset, Jon"]
[Result "1-0"]
[WhiteElo "955"]
[BlackElo "1103"]
[Annotator "Lea, Per"]
[PlyCount "155"]
[EventDate "2017.08.31"]

1. c4 c5 2. Nf3 Nf6 3. Nc3 g6 4. e4 d6 5. d4 cxd4 6. Nxd4 Bg7 7. Be2 a6 8. O-O
O-O 9. Be3 Nbd7 10. f4 Nc5 11. b4 $2 {Bukker en bonde helt unødvendig} (11. Bf3
{er det naturlige trekket, som da også ble spilt i 6 av de 7 partiene på
ChessBase (Noiroux - Sours, Maastricht Limburg Open 2009, tok remis allerde
etter svarts 10. trekk)}) 11... Ncxe4 12. Nxe4 Nxe4 13. Qc2 Bf5 $2 {Ser godt
ut, men er egentlig en bukk, som hvit ikke avslører} 14. Bd3 $2 (14. g4 $1 {
vinner en offiser}) 14... Qb6 $4 15. Nxf5 Qxb4 16. Nxg7 (16. Nxe7+ Kh8 17. Bxe4
Rae8 18. Nd5) 16... Nc5 17. a3 Qa5 18. Bxc5 Qxc5+ 19. Kh1 Kxg7 {Nå har hvit
"bare" en løper mot to bønder, ved å slå på e7 i stedet for på g7 i det 16.
trekket, hadde hvit ligget to løpere mot en bonde over.} 20. f5 Rac8 21. fxg6
hxg6 22. Qb2+ f6 23. Qxb7 Rc7 24. Qxa6 Rh8 25. h3 Qd4 26. Rad1 Qe3 27. Rf3 Qg5
28. Qb6 Rc5 29. Bf1 Qg4 30. Be2 ({Følgende avvikling var det kanskje ikke så
lett å oppdage:} 30. Rxd6 exd6 31. Qb7+ Kg8 32. Rxf6 Rh7 33. Qxh7+ Kxh7 34.
hxg4) 30... Rch5 $2 31. Qb3 {og hvit kommer greit unna svarts dronningsjakker
og står overlegent} (31. Re3 $1 Rxh3+ 32. gxh3 Rxh3+ 33. Rxh3 Qxh3+ 34. Kg1)
31... Rg5 32. Rf2 Qe4 33. Rd3 Rc5 $2 {Overser en trussel, men det gjør hvit
også} 34. Qc3 $2 (34. Re3 $1 Rb8 35. Rxe4 Rxb3 36. Rxe7+ Kf8 37. Re6 f5 38.
Rxg6 {og hvit vinner}) 34... Rxc4 35. Re3 $4 {Nå svinger det: fra
vinststilling til tapsstillng i ett trekk - som svart overser.} Rxc3 $2 (35...
Qb1+ $1 36. Rf1 Rxc3 37. Rxe7+ Kf8 38. Rxb1 Kxe7 {og svart bør vinne}) 36. Rxe4
Kf7 37. Bc4+ Kf8 38. Ra2 {I stedet for å beskytte en skarve bonde, er det
bedre å gå for angrep.} (38. Rb2 Kg7 39. Rb7 Rxa3 40. Rbxe7+ {Vanligvis er det
bedre med en tårndobling på 7.-raden, men her ser vi et unntak fra regelen} Kh6
41. Rh4+ Kg5 42. Rxh8) 38... Rh5 39. Kh2 $2 {Igjen en stygg feil som svart
ikke benytter seg av} Rf5 (39... d5 $1 40. Bxd5 Rxd5 {med remisstilling}) 40.
Rg4 d5 41. Bb5 d4 42. a4 d3 43. Rd4 Rc2 44. Rxc2 dxc2 45. Rc4 Rf2 46. Kg3 Rd2
47. Rc8+ Kg7 48. a5 Rd5 49. Rxc2 $2 (49. Be2) 49... Rxb5 {og hvit bør vinne
lett. Etter teksttrekket blir det vanskeligere.} 50. Ra2 e5 51. a6 Rb8 52. Ra3
Ra8 53. Ra5 Kf7 54. Kf3 Ke6 (54... Ra7 {Svart burde ha prøvd:} 55. Ke4 Ke6 56.
Kd3 f5 {og hvit må slite litt for seieren}) 55. a7 Kd6 56. g4 Kc7 57. Ra6 Kb7
58. Rxf6 Kxa7 59. Rxg6 Rh8 60. Kg3 Re8 61. h4 e4 62. Kf2 Kb7 63. Ke3 Kc7 64. h5
Kd7 65. Rf6 Ke7 66. Rf4 Ke6 67. Rxe4+ Kf7 68. Rxe8 Kxe8 69. Kf4 Kf7 70. g5 Kg7
71. Kf5 Kh7 72. g6+ Kh8 73. Ke6 Kg7 74. Ke7 Kg8 75. h6 Kh8 76. g7+ Kg8 77. Ke8
Kh7 78. Kf8 1-0

[Event "Høstturneringen 2017"]
[Site "Ås, Akershus NOR"]
[Date "2017.11.09"]
[Round "8"]
[White "Thowsen, Alf Geir"]
[Black "Lange, Magnus Øyvind"]
[Result "0-1"]
[WhiteElo "1185"]
[BlackElo "911"]
[Annotator "Lea, Per"]
[PlyCount "48"]
[EventDate "2017.08.31"]

1. Nf3 Nf6 2. d4 d5 3. c4 e6 4. Nc3 Bb4 5. a3 Bxc3+ 6. bxc3 Ne4 7. Qc2 {
Dronninga står neppe særlig godt på f6. Svart bør heller konsentrere seg om å
utvikle offiserene på dronningfløyen, eller å rokere.} Qf6 8. e3 Nc6 9. cxd5
exd5 10. c4 Be6 11. cxd5 Bxd5 12. Bd3 Ng5 (12... Qe6 {er bedre, selv om hvit
også her blir stående noe bedre.}) 13. e4 $4 (13. Nxg5 Qxg5 14. f3 Qh4+ 15. Qf2
Qxf2+ 16. Kxf2 {og hvir beholder fordelen}) 13... Nxf3+ 14. gxf3 Qxf3 {Kaster
bort mesteparten av fordelen} (14... Nxd4 15. Qxc7 Bc6 16. Qf4 Nxf3+ 17. Ke2
Qxa1 18. Qxf3 O-O {med overlegen stilling for svart. Hvits løperpar kan ikke
utrette så mye.}) 15. Rg1 O-O-O 16. exd5 Nxd4 (16... Rhe8+ 17. Be3 Rxe3+ 18.
fxe3 Qxe3+ 19. Kf1 Qf3+ 20. Ke1 Nxd4 21. Qd1 Qxd5 {Truer med en springersjakk
på f3} 22. Qg4+ (22. Rxg7 Qe5+) (22. Rg3 Qh1+ 23. Kf2 Qxh2+ 24. Rg2 Qf4+ 25.
Kg1 Nf3+ 26. Kf1 Rxd3 27. Qxd3 Ne5+ 28. Rf2 Nxd3 29. Rxf4 Nxf4 {og hvits tårn
og konge er forsvarsløs mot den svarte bondehæren hjulpet fram av springeren})
22... f5 23. Qf4 g5 24. Rxg5 Nf3+ 25. Kf2 Nxg5) 17. Qc3 Rhe8+ 18. Be3 Rxe3+ $1
19. fxe3 Qxe3+ 20. Kf1 Qf3+ 21. Ke1 Re8+ 22. Kd2 Qf2+ 23. Kc1 Qxg1+ 24. Kb2
Qf2+ 0-1

[Event "Høstturneringen 2017"]
[Site "Ås, Akershus NOR"]
[Date "2017.12.07"]
[Round "9"]
[White "Bø, Martin"]
[Black "Lea, Per"]
[Result "1/2-1/2"]
[WhiteElo "1471"]
[BlackElo "1470"]
[Annotator "Lea,Per"]
[PlyCount "85"]
[EventDate "2017.08.31"]

1. d4 d5 2. Nf3 Nf6 3. c4 e6 4. Nc3 c6 5. g3 Be7 ({Dette var kanskje
tidspunktet for å spille} 5... dxc4) 6. Bg2 O-O 7. O-O Nbd7 8. Qc2 a5 (8...
dxc4) ({og} 8... b6 {er de mest spilte alternativene her. Hensikten med
teksttrekket var å hindre b2-b4, men det inngikk ikke i hvits planer uansett.})
9. e4 Nxe4 ({Igjen anbefales} 9... dxc4) 10. Nxe4 dxe4 11. Qxe4 Nf6 (11... e5
12. dxe5 Nc5 13. Qb1 Qd3 14. Be3 Bf5 15. Qxd3 Nxd3 16. b3 {og svart har
ihvertfall fått aktivisert løperen på c8 - men har kostet en bonde. Allikevel
var kanskje dette det beste svart kunne håpe på etter åpningen.} Rfd8) 12. Qe2
c5 (12... Nd7 13. Re1 b6 14. Bf4 Bb7 {er litt bedre enn det som ble spilt i
partiet. Men hvit står alikevel mer harmonisk med sine brikker.}) 13. Rd1 cxd4
14. Nxd4 Qb6 15. b3 (15. Nb5 {opprettholder et sterkere press} Bd7 16. Be3 Bc5
17. Bxc5 Qxc5 18. Nd6 Rab8 19. Nxb7 Qb6 20. Nd6 Qxb2 21. Qxb2 Rxb2 22. c5 {og
svart sliter}) 15... a4 16. Bb2 a3 $2 (16... axb3 17. axb3 Rxa1 18. Bxa1 Rd8
19. Nb5 Bd7 {og svarts stilling er spillbar}) 17. Bc3 Bb4 18. Bxb4 Qxb4 19. Nb5
{Ser irriterende sterkt ut, men allikevel ikke det beste} (19. Qe3 Qb6 20. Nb5
Qxe3 21. fxe3 Ng4 22. Rd3 Ne5 23. Rd2 Ng4 24. Re1 {og svart sliter fremdeles
med å få løperen i spill}) 19... Rb8 (19... Bd7 20. Bxb7 Rab8 21. Ba6 Rb6) 20.
Qd2 Qxd2 21. Rxd2 Bd7 22. Nxa3 Bc6 23. Bxc6 bxc6 {Problemet med løperen på c8
er endelig løst, men med 3 bønder mot 1 på dronningfløyen bør hvit vinne selv
om det kan ta litt tid.} 24. Rd6 Rfc8 25. f3 Kf8 26. Nc2 Ke7 27. Rad1 $2 (27.
Rd2 {beholder fordelen}) 27... Nd5 $1 28. cxd5 $2 (28. c5 Rb5 29. b4 Nxb4 30.
Rd7+ Kf6 (30... Ke8 $2 31. Nxb4 Rxb4 32. Ra7 $1 {og hvit står klart best}) 31.
a4 Rbb8 {med en liten - men kanskje i lengden avgjørende - fordel}) 28... Kxd6
29. dxe6+ Kxe6 30. Nd4+ Kf6 31. Rc1 c5 32. Ne2 c4 33. bxc4 Rb2 34. Nf4 (34. Nc3
{er en morsom felle:} Rxc4 $2 35. Nd5+ Ke6 36. Rxc4 Kxd5 37. Rc7 Ke6 38. Ra7 {
med en liten fordel for hvit}) 34... Rxa2 35. c5 Rc6 $4 {Nå er det svarts tur
til å bukke.} (35... Rca8 {med med trussel om tvungent tvungent tårnbytte på
a1 var planlagt, men så oppdaget jeg} 36. Rc3 Ra1+ 37. Kg2 R1a2+ 38. Kh3 {og
så blir det ikke tårnbytte allikevel. Men Stockfish mener at hvit ikke behøver
å frykte tårnbyttet.}) 36. Nd5+ Ke6 37. Nb4 Raa6 ({I flg Stockfish er det
bedre å spille} 37... Rca6 38. Nxa2 Rxa2 39. h4 (39. c6 Ra8 40. Kf2 Kd6 41. c7
Rc8 42. Rd1+ Kxc7 43. Rd4) 39... Kd7 40. Rd1+ Ke6 (40... Kc6 $2 41. Rd6+ Kxc5
42. Rd7 {og hvit vinner})) 38. Nxa6 {Etter teksttrekket er det sannsynligvis
remis selv om Stockfish gir hvit en minimal fordel} ({Hvit kan tillate seg å
sette brikkene sine på bedre felt: svarts tårn er fullstendig bundet! flytter
det ene, tapes det andre blankt!} 38. Rd1 Ke7 39. Kf2 Rf6 40. Nxa6 Rxa6 41. Ke3
{med fordel for hvit}) 38... Rxa6 39. Kf2 Kd5 40. Ke3 Rc6 41. Kf4 Rf6+ ({Her
så jeg syner og trodde at} 41... Rxc5 42. Rxc5+ Kxc5 43. Ke5 {var tapt fordi
hvits konge spiser svarts bønder. Så feil kan man ta. Men også teksttrekket
fører til remisstilling.}) 42. Kg4 Rg6+ 43. Kf4 1/2-1/2

[Event "Høstturneringen 2017"]
[Site "Ås, Akershus NOR"]
[Date "2017.12.11"]
[Round "9"]
[White "Rønbeck, Bjørn"]
[Black "Midtgard, Anders"]
[Result "0-1"]
[WhiteElo "1130"]
[BlackElo "1185"]
[PlyCount "38"]
[EventDate "2017.08.31"]

1. e4 c5 2. c3 d5 3. exd5 Qxd5 4. Bb5+ Nd7 5. Nf3 a6 6. Be2 e5 7. O-O Ngf6 8.
b3 e4 9. Bc4 Qh5 10. Qe2 b5 11. Bxf7+ Kxf7 12. Re1 exf3 13. Qe6+ Kg6 14. Re3
Bb7 15. d4 Re8 16. Qh3 Qxh3 17. gxh3 Bd6 18. Nd2 Bf4 19. Rxe8 Rxe8 0-1

[Event "Høstturneringen 2017"]
[Site "Ås, Akershus NOR"]
[Date "2017.12.07"]
[Round "9"]
[White "Johnson, David"]
[Black "Moberg, Jan Rune"]
[Result "0-1"]
[WhiteElo "1452"]
[BlackElo "1520"]
[PlyCount "102"]

1. e4 b6 2. d4 Bb7 3. Nc3 e6 4. Bd3 Nf6 5. Bg5 h6 6. Bh4 Bb4 7. Nge2 g5 8. Bg3
Nxe4 9. a3 Nxc3 10. bxc3 Be7 11. f3 f5 12. Be5 Bf6 13. Ng3 Nc6 14. Bxf6 Qxf6
15. Qe2 a5 16. Nxf5 O-O 17. Ng3 d5 18. O-O Rae8 19. Rae1 e5 20. dxe5 Rxe5 21.
Qd2 Rfe8 22. c4 Qf4 23. Qxf4 gxf4 24. Rxe5 Rxe5 25. cxd5 fxg3 26. dxc6 gxh2+
27. Kxh2 Bxc6 28. Kg3 Kg7 29. Rh1 Be8 30. Kf4 Rc5 31. Rh3 Rc3 32. Rg3+ Kf6 33.
a4 Ra3 34. Ke3 Rxa4 35. Rg8 Bf7 36. Rc8 c5 37. Rc6+ Ke5 38. Rxb6 h5 39. Rb8 Kd6
40. Be4 Ra3+ 41. Kd2 Bd5 42. Rb6+ Ke5 43. Bg6 h4 44. Rb5 Kd4 45. Bf5 a4 46. Rb8
Ke5 47. Bd7 Ra1 48. Kc3 a3 49. Rb5 Kd6 50. Bf5 a2 51. Be4 Rb1 0-1

[Event "Høstturneringen 2017"]
[Site "Ås, Akershus NOR"]
[Date "2017.12.14"]
[Round "9"]
[White "Bakken, Svein-Erik"]
[Black "Olsen, Trygve"]
[Result "1-0"]
[WhiteElo "1363"]
[BlackElo "1271"]
[PlyCount "63"]

1. d4 d5 2. c4 c6 3. Nc3 Nf6 4. Nf3 Nbd7 5. cxd5 cxd5 6. Bg5 g6 7. e3 Bg7 8.
Be2 a6 9. O-O b5 10. Rc1 O-O 11. h3 b4 12. Na4 Ne4 13. Bf4 Ra7 14. Qd3 f6 15.
Nd2 e5 16. Bh2 f5 17. Nxe4 fxe4 18. Qb3 Qa5 19. Rc2 exd4 20. exd4 Bxd4 21. Bd6
Rf7 22. Bxb4 Qd8 23. Qxd5 Qf6 24. Rxc8+ Kg7 25. Qxe4 Nb6 26. Nxb6 Qxb6 27. Bc3
Bxc3 28. bxc3 Rf6 29. Qd4 Qb7 30. Rd8 Qe7 31. Bc4 Kh6 32. Qh4+ 1-0

[Event "Høstturneringen 2017"]
[Site "Ås, Akershus NOR"]
[Date "2017.12.08"]
[Round "9"]
[White "Simonsen, Steinar"]
[Black "Samset, Jon"]
[Result "0-1"]
[WhiteElo "1208"]
[BlackElo "1103"]
[PlyCount "87"]

1. e4 Nc6 2. Nf3 d6 3. Nc3 g6 4. d4 Bg7 5. Be3 Nf6 6. Bb5 Bd7 7. O-O a6 8. Ba4
O-O 9. d5 Ne5 10. Bb3 Bg4 11. h3 Nxf3+ 12. gxf3 Bxh3 13. Re1 Nd7 14. Kh2 f5 15.
Kxh3 Bxc3 16. bxc3 fxe4 17. fxe4 Ne5 18. f4 Qd7+ 19. Kg3 Nf7 20. e5 dxe5 21.
fxe5 Nxe5 22. d6+ e6 23. Bf4 Rxf4 24. Rxe5 Rf6 25. dxc7 Qxc7 26. Qe2 Qxc3+ 27.
Re3 Qxa1 28. Bxe6+ Kg7 29. Bd5 Qg1+ 30. Kh3 Raf8 31. Re7+ Kh6 32. Qd2+ g5 33.
Qd3 Qf1+ 34. Qxf1 Rxf1 35. Be4 R8f7 36. Re6+ Kg7 37. Re5 h6 38. Re6 R7f6 39.
Re7+ Rf7 40. Re8 h5 41. Re5 Kh6 42. Re8 g4+ 43. Kg3 Kg7 44. Kh4 {Det er
uklarheter i notasjonen de neste trekkene. Partiet varte 49 trekk.} 0-1

[Event "Klubbmesterskapet 2017 (A)"]
[Site "Ås, Akershus NOR"]
[Date "2017.01.12"]
[Round "1"]
[White "Støle, Andreas"]
[Black "Andersen, Odd"]
[Result "1/2-1/2"]
[WhiteElo "1632"]
[BlackElo "1611"]
[PlyCount "101"]
[EventDate "2017.01.12"]

1. d4 d5 2. Nf3 Nf6 3. e3 c6 4. Bd3 Bg4 5. Nbd2 e6 6. O-O Bd6 7. e4 dxe4 8.
Nxe4 Nxe4 9. Bxe4 Nd7 10. Re1 Nf6 11. Bg5 Be7 12. Bd3 Bxf3 13. Qxf3 Qxd4 14. c3
Qg4 15. Qxg4 Nxg4 16. Bf4 Bc5 17. Bg3 Rd8 18. Bf5 Nf6 19. Bh4 Rd2 20. b4 Be7
21. Bg5 Rd5 22. Bxf6 Bxf6 23. Be4 Rd2 24. Re3 O-O 25. a4 Rfd8 26. g3 Rd1+ 27.
Rxd1 Rxd1+ 28. Kg2 Rd7 29. Kf3 Bg5 30. Re2 f5 31. Bb1 Kf7 32. Kg2 Rd2 33. Kf3
Rxe2 34. Kxe2 Bf6 35. Kd3 g6 36. Ba2 Ke7 37. a5 b6 38. axb6 axb6 39. c4 c5 40.
b5 g5 41. Bb3 e5 42. f3 h5 43. g4 hxg4 44. fxg4 e4+ 45. Ke2 f4 46. Bc2 e3 47.
Be4 Kd6 48. Bf3 Ke5 49. Kd3 Be7 50. Be2 Bd6 51. Bf3 1/2-1/2

[Event "Klubbmesterskapet 2017 (A)"]
[Site "Ås, Akershus NOR"]
[Date "2017.01.31"]
[Round "1"]
[White "Lea, Per"]
[Black "Kielland-Lund, Jon"]
[Result "1-0"]
[WhiteElo "1533"]
[BlackElo "1499"]
[Annotator "Lea, Per"]
[PlyCount "63"]
[EventDate "2017.01.12"]

1. e4 c6 2. d4 d5 3. Nc3 dxe4 4. Nxe4 Bf5 5. Ng3 Bg6 6. h4 h6 7. Nf3 Nd7 8. h5
Bh7 9. Bd3 Bxd3 10. Qxd3 e6 11. Bf4 Qa5+ 12. Bd2 Bb4 13. a3 {Hittil har alt
gått a tempo, og begge klokkene sto på ca 1:35. Men så har vi også spilt de 10
første trekkene ved alle våre 5 møter med disse fargene.} (13. c3 Be7 14. c4
Qc7 15. Ne4 Ngf6 16. O-O-O Rd8 17. g3 {ble spilt ved et tidligere møte, med en
liten fordel til svart.} c5 18. dxc5 $4 Nxc5 19. Nxf6+ Bxf6 20. Qe2 Nd3+ 21.
Kb1 Nxb2 22. Bf4 Rxd1+ 23. Rxd1 Nxd1 24. Qxd1 {var resten bare pinlige
krampetrekninger fra hvits side} (24. Bxc7 Nc3+ 25. Kc2 Nxe2 {er like håpløst})
) 13... Bxd2+ 14. Nxd2 Ngf6 15. O-O-O b5 (15... O-O 16. Nge4 Qc7 {hadde vært
en bedre plan}) 16. Nge4 O-O 17. Rdg1 ({Sterkere var} 17. g4 Nxg4 18. Qg3 f5
19. Rhg1 {men hvit var for materialistisk og våget ikke gi bort bonden for
angrep}) 17... Nd5 ({Svart nøler også. Mer direkte:} 17... b4 18. g4 {Alt
annet gir fordel for svart} bxa3 19. Qxa3 Qxa3 20. bxa3 {og dermed har
egentlig begge fløyangrepene rent ut i sanden, og en remis vinker i det ikke
alt for fjerne}) 18. g4 f5 $4 {Sannsynligvis tapstrekket, selv om ingen av oss
var klar over det der og da - og heller ikke like etter at partiet var ferdig.
Svart mente at 15 ...b5 var den avgjørende feilen.} 19. gxf5 exf5 {Gjør ikke
saken bedre} ({Svart måtte innfinne seg med bondetapet etter} 19... Rae8 20.
Qg3 Re7 21. fxe6 Nf4 22. Kb1 Nxe6) 20. Qg3 Rf7 21. Nd6 f4 22. Qg6 Raf8 23. Nf5
$2 {holder fremdeles til vinst} ({men} 23. Qe6 Qd8 24. Rxg7+ Kxg7 25. Rg1+ Kh8
26. Nxf7+ Rxf7 27. Qxf7 Qf8 28. Qxd7 {var uendelig mye bedre - men ikke så
lett å analysere til bunns for an stakkars klasse 2-spiller}) 23... Kh8 24.
Nxg7 Rf6 25. Qg4 R6f7 26. Ne6 (26. Qg6) 26... Rb8 27. Qg6 (27. Ne4 {som hvit
lenge vurderte, er bedre:} Rh7 28. Nd6 N7f6 29. Qf5 {med alvorlig matt-trussel.
Svart ikke ofrer materiell, men spiller f.eks. et uskyldig trekk som} a6 {
følger} 30. Qxh7+ Kxh7 (30... Nxh7 31. Nf7#)) 27... Rh7 28. Nb3 {Feigt, men
Stockfish er enig at dette er det beste} Qb6 29. Rh4 (29. Nbc5 N7f6 (29... Nxc5
30. dxc5 Qb7 31. Qe4 {og svart kan ikke forsvare seg i lengden})) 29... N7f6 $2
(29... b4 30. Rhg4 Ne7 {er bare marginalt bedre}) 30. Rxf4 $1 Rg8 {Ups! Har
hvit bukket tårnet på g1? Nei:} 31. Qxg8+ $3 Nxg8 32. Rxg8+ {og svart ga opp
uten å vente på tårnmatten etter det tvungne 32. ...Kxg8 33. Tf8 matt} 1-0

[Event "Klubbmesterskapet 2017 (A)"]
[Site "Ås, Akershus NOR"]
[Date "2017.01.12"]
[Round "1"]
[White "Lund, Petter"]
[Black "Lange, Holger"]
[Result "1/2-1/2"]
[WhiteElo "1583"]
[BlackElo "1598"]
[PlyCount "37"]
[EventDate "2017.01.12"]

1. e4 Nf6 2. Nc3 d5 3. exd5 Nxd5 4. Be2 e5 5. Nf3 Nc6 6. O-O Bc5 7. Ne4 Bd6 8.
d4 O-O 9. c4 Nf6 10. Nxd6 cxd6 11. d5 Ne7 12. h3 Ng6 13. Re1 Re8 14. b3 Qc7 15.
Be3 b6 16. Nh2 Bd7 17. Ng4 Nxg4 18. Bxg4 Bxg4 19. Qxg4 1/2-1/2

[Event "Klubbmesterskapet 2017 (A)"]
[Site "Ås, Akershus NOR"]
[Date "2017.01.12"]
[Round "1"]
[White "Bø, Martin"]
[Black "Ruud, Kjetil"]
[Result "1-0"]
[WhiteElo "1285"]
[BlackElo "1527"]
[Annotator "Martin Bø"]
[PlyCount "99"]
[EventDate "2017.01.12"]

1. d4 f5 2. c4 e6 3. Nc3 Bb4 4. Bd2 Nf6 5. a3 Bxc3 6. Bxc3 b6 7. Nf3 d6 8. g3
Bb7 9. Bg2 Nbd7 10. O-O Qe7 11. b4 O-O 12. Qb3 c5 13. Rfd1 e5 14. bxc5 e4 $4 (
14... dxc5 15. dxe5 Ne4 16. Bb2 {Hvit står en bonde over, uten at sort har
nevneverdig kompensasjon}) 15. cxd6 $1 Qe8 (15... Qxd6 $2 16. Bb4 Qc7 17. Nh4
g6 18. Bxf8 Rxf8 $18) 16. Ne5 Qh5 17. Nxd7 (17. c5+ {Er nok mer presist, da
alle trekk taper med glans for sort} Bd5 18. Qa4 $1) 17... Nxd7 18. e3 Nf6 19.
Rac1 g5 20. c5+ Bd5 21. Qb5 Rfc8 22. Bb2 Rab8 23. c6 Bxc6 (23... Rxc6 24. d7
Rd8 25. Rxc6 Qxd1+ 26. Bf1 Bxc6 27. Qxc6 Nxd7 28. Qc7 Rf8 29. Qxd7 $18) 24.
Qxf5 Bd7 $2 25. Qxf6 Rf8 26. Qe5 Rf5 27. Qxe4 Rb5 28. Ba1 Bf5 29. Qe7 Re8 30.
Qxa7 Bc2 31. d5 Qg6 32. Rxc2 Rf8 33. Qg7+ Qxg7 34. Bxg7 Kxg7 35. Rc7+ Kf6 36.
d7 Rd8 37. Bh3 h5 38. Be6 Ra5 39. Rc8 Ra8 40. Rxd8 Rxd8 41. Rc1 Ke7 42. Rc8 h4
43. Rxd8 Kxd8 44. gxh4 gxh4 45. f4 h3 46. f5 b5 47. f6 b4 48. axb4 Kc7 49. f7
Kb6 50. d8=Q+ 1-0

[Event "Klubbmesterskapet 2017 (A)"]
[Site "Ås, Akershus NOR"]
[Date "2017.01.12"]
[Round "1"]
[White "Moberg, Jan Rune"]
[Black "Furnes, Torstein"]
[Result "1-0"]
[WhiteElo "1529"]
[BlackElo "1565"]
[PlyCount "67"]
[EventDate "2017.01.12"]

1. d4 d5 2. c4 e6 3. cxd5 exd5 4. Bf4 Nf6 5. e3 Bb4+ 6. Nc3 O-O 7. Rc1 c6 $6
$14 8. Bd3 Bg4 $146 9. f3 Bh5 10. Nge2 Re8 11. O-O Bd6 12. Bg5 h6 13. Bxf6 Qxf6
14. e4 dxe4 15. fxe4 Qh4 $2 $18 16. e5 Bc7 17. Qb3 Bb6 18. Kh1 Nd7 19. Rf4 Qe7
20. Ng3 Qg5 $2 21. Rcf1 Bxd4 $5 {Dette løperofferet er førstevalget til Fritz,
men det løser ikke svarts problemer.} 22. Rxd4 Nxe5 ({Fritz vil heller spille} 
22... Nc5 23. Qc4 Nxd3 24. Rxd3 Bg6) 23. Nce4 Qe3 24. Nf6+ $1 Kh8 (24... gxf6
$4 25. Bh7+ Kxh7 26. Qxe3) 25. Re4 Qd2 26. Nxe8 Nxd3 27. Re7 Nf4 28. Rxf4 Qxf4
29. Qc3 f6 30. Nxg7 Qd6 31. Re1 Bf7 32. N7f5 Qd8 33. Ne7 Qd6 34. Ngf5 1-0

[Event "Klubbmesterskapet 2017 (B)"]
[Site "Ås, Akershus NOR"]
[Date "2017.01.12"]
[Round "1"]
[White "Naasen, Nils"]
[Black "Stensland, Martin"]
[Result "1-0"]
[WhiteElo "1320"]
[BlackElo "1082"]
[Annotator "Furnes, Torstein"]
[PlyCount "49"]
[EventDate "2017.01.12"]

1. d4 d5 2. Nf3 Nf6 3. Bf4 e6 4. e3 Nbd7 5. Bd3 h6 6. h3 c5 7. c3 Be7 8. Nbd2
O-O 9. Rc1 c4 10. Bb1 b6 11. O-O Ne8 12. e4 Bb7 13. e5 f6 14. Qc2 f5 15. g4 Rf7
16. gxf5 Rxf5 17. Kh2 Nf8 (17... Rxf4 18. Qh7+ Kf8 $17) 18. Be3 b5 19. Rg1 b4
20. Rg3 (20. Bxh6) 20... Kh8 21. Rcg1 g5 22. h4 gxh4 23. Rg8+ Kh7 {Partiet
avgjøres med et fint dronningoffer:} 24. Qxf5+ $1 exf5 25. Bxf5+ (25. Bxf5+ Ng6
26. R1xg6 {og hvit matter i neste trekk med T6g7#}) 1-0